Krvavé slunce /

Hlavní autor: Berdych, Václav, 1916-2016
Další autoři: Rada, Miroslav, 1926-2017
Jazyk: Čeština
Vydáno: Praha : Naše vojsko, 1963
Vydání: 1. vyd.
Edice: Živé knihy (Naše vojsko)
Témata:
Externí odkaz: Digitalizovaný dokument
Fyzický popis: 135 s.
Knihy
Uloženo v:
LEADER 01332nam a2200313 a 4500
001 000669572
003 CZ BrMZK
005 20140819132426.0
007 ta
008 030512s1963 xr a f ||| | cze d
015 |a cnb000475391 
035 |a (OCoLC)34181984 
040 |a BOA001  |b cze  |c BOA001 
100 1 |a Berdych, Václav,  |d 1916-2016  |7 jk01011782  |4 aut 
245 1 0 |a Krvavé slunce /  |c Václav Berdych ; ilustrace Miroslav Rada 
250 |a 1. vyd. 
260 |a Praha :  |b Naše vojsko,  |c 1963 
300 |a 135 s. 
490 1 |a Živé knihy : edice Svazu protifašistických bojovníků ;  |v sv. 48 
500 |a Dostupné též v digitální podobě v aplikaci Kramerius 
700 1 |a Rada, Miroslav,  |d 1926-2017  |7 jk01101873  |4 ill 
830 0 |a Živé knihy (Naše vojsko)  |0 s 
856 4 1 |u http://www.digitalniknihovna.cz/mzk/uuid/uuid:e2dfcf10-97e9-11e4-94a8-005056827e51  |y Digitalizovaný dokument  |x NDK 
910 |a BOA001  |b 2-0494.824  |b PK-0033.425 
964 |a Tábory koncentrační - povídky 
990 |a BK 
996 6 |b 2619055289  |c 2-0494.824  |l MZK  |r Sklad / do 24 hodin  |n 0  |w 000669572  |u 000030  |a 1  |e BOA001  |j MZK50  |s P 
996 7 |b 2619055290  |c 2-0494.824  |l MZK  |r Sklad / do 24 hodin  |n 0  |w 000669572  |u 000020  |a 1  |e BOA001  |j MZK50  |s A 
996 7 |b 3119638670  |c PK-0033.425  |l MZK  |r Sklad / do 1 hodiny  |n 2  |w 000669572  |u 000010  |a 1  |e BOA001  |j MZK50  |s A